Sports Quiz

Random Sports or Baseball Quiz

MLB All-time Home Runs Leaders Quiz Stats

 Plays Quiz not verified by Sporcle

Score 0/50 Timer 08:00
0 Plays Today
Home Runs Player % Correct
755Hank Aaron
99.6%
762Barry Bonds
99.2%
714Babe Ruth
99.2%
613Alex Rodriguez
98%
660Willie Mays
96.7%
630Ken Griffey Jr
95.9%
609Sammy Sosa
95.9%
589Jim Thome
94.7%
536Mickey Mantle
94.3%
583Mark Mcgwire
92.2%
521Ted Williams
91.4%
426Billy Williams
91.4%
555Manny Ramirez
88.5%
586Frank Robinson
88.1%
548Mike Schmidt
86.5%
521Frank Thomas
86.5%
573Harmon Killebrew
85.2%
569Rafael Palmeiro
85.2%
563Reggie Jackson
84.4%
493Lou Gehrig
84.4%
534Jimmie Foxx
79.1%
512Erine Banks
77%
511Mel Ott
76.6%
509Gary Sheffield
76.6%
504Eddie Murray
75.8%
Home Runs Player % Correct
521Willie McCovey
74.6%
408Albert Pujols
73.8%
462Jose Canseco
73.4%
431Cal Ripken
72.1%
475Stan Musial
68.9%
436Chipper Jones
68.4%
407Andruw Jones
68.4%
449Jeff Bagwell
67.6%
475Willie Stargell
66.4%
493Fred McGriff
65.2%
473Carlos Delgado
61.5%
512Eddie Mathews
60.7%
399Al Kaline
59.4%
434Juan Gonzalez
59%
438Andre Dawson
57%
436Vladimir Guerrero
56.6%
427Mike Piazza
56.1%
465Dave Winfield
55.7%
452Carl Yastrzemski
54.1%
442Dave Kingman
49.6%
415Jason Giambi
49.6%
407Duke Snider
48.4%
398Dale Murphy
45.5%
399Andres Galarraga
42.6%
414Darrell Evans
41.8%

You're not logged in!

Compare scores with friends on all Sporcle quizzes.
OR
Log In

Show Comments

Extras

Top Quizzes Today


Score Distribution

Your Account Isn't Verified!

In order to create a playlist on Sporcle, you need to verify the email address you used during registration. Go to your Sporcle Settings to finish the process.

Report this User

Report this user for behavior that violates our Community Guidelines.

Details: